000 00255nam a22001217a 4500
999 _c12763
_d12763
082 _a657.46
100 _aPetiwala Khalid
245 _aAdvanced Taxation
250 _aVolume 1
260 _aPakistan
_bPatiwala
_c2020
300 _a146 pages
942 _cBK